000 00773nam a2200205 i 4500
001 121403
003 ES-MaACL
005 20251007171216.0
007 t|
008 070214q1927 sp |||| | spa d
100 1 _aMolière,
_d1622-1673
_981873
245 1 0 _aDon Juan
_b: comedia en cinco actos /
_cMolière ; prólogo de Fernando González.
260 _aMadrid :
_bCompañía Ibero-Americana de Publicaciones,
_c[ca. 1927]
300 _a155 p. ;
_c17 cm.
490 1 _aBibliotecas populares Cervantes. Las cien mejores obras de la literatura universal ;
_v41
710 1 _a
_9242331
830 0 _aBibliotecas populares Cervantes. Las cien mejores obras de la literatura universal
_v41
_9186509
852 _aES-MaACL
_jC-26235
999 _c121403
_d121403